Algebraic and spectral methods for nonlinear wave equations /
Guardado en:
| Autor Principal: | |
|---|---|
| Otros Autores: | |
| Formato: | Libro |
| Idioma: | English |
| Publicado: |
Harlow, Essex, England : New York :
Longman Scientific & Technical ; Wiley,
1990.
|
| Series: | Pitman monographs and surveys in pure and applied mathematics ;
49 |
| Etiquetas: |
Agregar Etiqueta
Sin Etiquetas, Sea el primero en etiquetar este registro!
|
| LEADER | 00848nam a22002175a 4500 | ||
|---|---|---|---|
| 001 | MAT.inmabb000276 | ||
| 008 | 890816s1990####enka#####b####001#0#eng## | ||
| 005 | 20130325151555.0 | ||
| 245 | 1 | 0 | |a Algebraic and spectral methods for nonlinear wave equations / |c N. Asano and Y. Kato. |
| 260 | |a Harlow, Essex, England : |b Longman Scientific & Technical ; |a New York : |b Wiley, |c 1990. | ||
| 300 | |a xvii, 417 p. ; |c 25 cm. | ||
| 440 | 0 | |a Pitman monographs and surveys in pure and applied mathematics ; |v 49 | |
| 504 | |a Includes bibliographical references (p. [393]-410) and index. | ||
| 510 | 4 | |a MR, |c 92d:35001 | |
| 020 | |a 0582037204 | ||
| 020 | |a 0470214171 | ||
| 100 | 1 | |a Asano, N. |q (Naruyoshi), |d 1940- | |
| 700 | 1 | |a Kato, Y. |q (Yusuke), |d 1929- | |
| 084 | |a 35-02 (35-00 35Qxx 58F37 58G37) |2 MR | ||
| 010 | |a 89013199 | ||
| 859 | |h 35 |i As798 |p A-8005 |b BIB. MATEMATICA | ||
